<?xml version="1.0" encoding="UTF-8"?>
<record
    xmlns:xsi="http://www.w3.org/2001/XMLSchema-instance"
    xsi:schemaLocation="http://www.loc.gov/MARC21/slim http://www.loc.gov/standards/marcxml/schema/MARC21slim.xsd"
    xmlns="http://www.loc.gov/MARC21/slim">

  <leader>01563nam a22002057a 4500</leader>
  <datafield tag="999" ind1=" " ind2=" ">
    <subfield code="c">357984</subfield>
    <subfield code="d">357984</subfield>
  </datafield>
  <controlfield tag="003">IT-MiCISF</controlfield>
  <controlfield tag="005">20180904113527.0</controlfield>
  <controlfield tag="008">180904b           ||||| |||| 00| 0 eng d</controlfield>
  <datafield tag="040" ind1=" " ind2=" ">
    <subfield code="c">IT-MiCISF</subfield>
  </datafield>
  <datafield tag="041" ind1=" " ind2=" ">
    <subfield code="a">it</subfield>
  </datafield>
  <datafield tag="100" ind1=" " ind2=" ">
    <subfield code="a">Honegger Fresco Grazia</subfield>
    <subfield code="9">57359</subfield>
  </datafield>
  <datafield tag="245" ind1=" " ind2=" ">
    <subfield code="a">Da solo, io!</subfield>
    <subfield code="b">Il progetto pedagogico di Maria Montessori da 0 a 3 anni</subfield>
  </datafield>
  <datafield tag="260" ind1=" " ind2=" ">
    <subfield code="a">Molfetta (BA)</subfield>
    <subfield code="b">La Meridiana</subfield>
    <subfield code="c">2018</subfield>
  </datafield>
  <datafield tag="300" ind1=" " ind2=" ">
    <subfield code="a">pp. 209</subfield>
  </datafield>
  <datafield tag="500" ind1=" " ind2=" ">
    <subfield code="a">infanzia, periodo-neonatale, nascita, crescita-bambini, servizi-infanzia, diritti-bambino, educazione-bambini</subfield>
  </datafield>
  <datafield tag="520" ind1=" " ind2=" ">
    <subfield code="a">Questo libro nasce con l'intenzione di ricostruire il lavoro di Adele Costa Gnocchi, che di Maria Montessori &#xE8; stata interprete fedele, acuta e geniale. Raccoglie memorie e indicazioni precise del suo lavoro creativo, offrendo ai lettori la possibilit&#xE0; di attraversare il concetto di educazione dalla nascita come aiuto alla vita. Sostenere il diritto del bambino al "rispetto", fare in modo che questo non sia parola vuota, di comodo, ma correttamente impostare un approccio educativo montessoriano fin dall'attesa &#xE8; quanto queste pagine fanno declinando il pensiero di Maria Montessori e raccogliendo esperienze sperimentabili ancora oggi. Un libro per educatori, genitori, insegnanti affascinati dalla possibilit&#xE0; di un progetto pedagogico basato sull'osservazione, sulla fiducia nelle forze naturali dei bambini e dei ragazzi, in un ambiente liberante, senza banchi, n&#xE9; premi, n&#xE9; voti, come sosteneva la Montessori. </subfield>
  </datafield>
  <datafield tag="650" ind1=" " ind2=" ">
    <subfield code="a">educazione</subfield>
    <subfield code="9">56062</subfield>
  </datafield>
  <datafield tag="654" ind1=" " ind2=" ">
    <subfield code="a">saggio</subfield>
  </datafield>
  <datafield tag="942" ind1=" " ind2=" ">
    <subfield code="2">ddc</subfield>
    <subfield code="c">BK</subfield>
  </datafield>
  <datafield tag="952" ind1=" " ind2=" ">
    <subfield code="0">0</subfield>
    <subfield code="1">0</subfield>
    <subfield code="2">ddc</subfield>
    <subfield code="4">0</subfield>
    <subfield code="6">B_7477_000000000000000</subfield>
    <subfield code="7">1</subfield>
    <subfield code="a">CISF</subfield>
    <subfield code="b">CISF</subfield>
    <subfield code="d">2018-09-04</subfield>
    <subfield code="l">0</subfield>
    <subfield code="o">b7477</subfield>
    <subfield code="p">9788861535701</subfield>
    <subfield code="r">2018-09-04 00:00:00</subfield>
    <subfield code="w">2018-09-04</subfield>
    <subfield code="y">BK</subfield>
  </datafield>
</record>
